Lebensphasen - Liebesphasen: vom Paar zur Ehe, zum Single und zurück?
| Main Author: | |
|---|---|
| Format: | Print Book |
| Language: | German |
| Published: |
Opladen
Leske + Budrich
1997
|
| In: | Year: 1997 |
| Online Access: |
Cover Table of Contents Table of Contents |
| Check availability: | HBZ Gateway |
| Subito Delivery Service: | Order now. |
| Keywords: |
MARC
| LEADER | 00000cam a2200000 c 4500 | ||
|---|---|---|---|
| 001 | 193133571 | ||
| 003 | DE-627 | ||
| 005 | 20260206200336.0 | ||
| 007 | tu | ||
| 008 | 960220s1997 gw ||||| 00| ||ger c | ||
| 015 | |a 97,A26,0302 |2 dnb | ||
| 016 | 7 | |a 946751102 |2 DE-101 | |
| 020 | |a 3810015474 |c : DM 38.00, ca. sfr 38.00, ca. S 281.00 (kart.) |9 3-8100-1547-4 | ||
| 035 | |a (DE-627)193133571 | ||
| 035 | |a (DE-603)052049965 | ||
| 035 | |a (DE-576)05105924X | ||
| 035 | |a (DE-599)GBV193133571 | ||
| 035 | |a (OCoLC)243859991 | ||
| 035 | |a (OCoLC)42630012 | ||
| 035 | |a (AT-OBV)AC01362342 | ||
| 035 | |a (DE-604)8113357710 | ||
| 040 | |a DE-627 |b ger |c DE-627 |e rakwb | ||
| 041 | |a ger | ||
| 044 | |c XA-DE | ||
| 084 | |a 14 |2 sdnb | ||
| 084 | |a 14 |a 11 |2 sdnb | ||
| 084 | |a 1 |2 ssgn | ||
| 084 | |a MS 1930 |2 rvk |0 (DE-625)rvk/123625: | ||
| 084 | |a 71.22 |2 bkl | ||
| 084 | |a 71.31 |2 bkl | ||
| 100 | 1 | |a Burkart, Günter |d 1950- |0 (DE-588)132814447 |0 (DE-627)527108383 |0 (DE-576)160488915 |4 aut | |
| 109 | |a Burkart, Günter 1950- |a Burkart, Gunter 1950- | ||
| 245 | 1 | 0 | |a Lebensphasen - Liebesphasen |b vom Paar zur Ehe, zum Single und zurück? |c Günter Burkart |
| 264 | 1 | |a Opladen |b Leske + Budrich |c 1997 | |
| 300 | |a 325 S. |b Anm.; Lit.; Übers. |c 21 cm | ||
| 336 | |a Text |b txt |2 rdacontent | ||
| 337 | |a ohne Hilfsmittel zu benutzen |b n |2 rdamedia | ||
| 338 | |a Band |b nc |2 rdacarrier | ||
| 490 | 0 | |a Fragen der Gesellschaft | |
| 500 | |a Literaturverz. S. 299 - 324 | ||
| 505 | 8 | |a Literaturverz. S. 299 - 324 | |
| 505 | 8 | |a Literaturverz. S. 299 - 324 | |
| 505 | 8 | |a Literaturverz. S. 299 - 324 | |
| 650 | 0 | 7 | |0 (DE-588)4070871-8 |0 (DE-627)104571640 |0 (DE-576)209182202 |a Entwicklungsphase |2 gnd |
| 650 | 0 | 7 | |0 (DE-588)4034863-5 |0 (DE-627)106250507 |0 (DE-576)209009497 |a Lebensform |2 gnd |
| 650 | 0 | 7 | |0 (DE-588)4138658-9 |0 (DE-627)105641030 |0 (DE-576)209687916 |a Personenstand |2 gnd |
| 650 | 0 | 7 | |0 (DE-588)4034869-6 |0 (DE-627)106250485 |0 (DE-576)209009527 |a Lebenslauf |2 gnd |
| 650 | 0 | 7 | |0 (DE-588)4191223-8 |0 (DE-627)104321016 |0 (DE-576)210072075 |a Zweierbeziehung |2 gnd |
| 650 | 4 | |a Ehe | |
| 650 | 4 | |a Ehescheidung | |
| 650 | 4 | |a Interpersonelle Beziehungen | |
| 650 | 4 | |a Eltern | |
| 650 | 4 | |a Lebensziel | |
| 650 | 4 | |a Individuelle Bedürfnisse | |
| 650 | 4 | |a Sexualität | |
| 650 | 4 | |a Eheschließung | |
| 650 | 4 | |a Alleinstehende | |
| 650 | 4 | |a Liebe, Getrenntleben, Diskurs, Heirat, Wahl | |
| 689 | 0 | 0 | |d s |0 (DE-588)4070871-8 |0 (DE-627)104571640 |0 (DE-576)209182202 |a Entwicklungsphase |2 gnd |
| 689 | 0 | 1 | |d s |0 (DE-588)4034863-5 |0 (DE-627)106250507 |0 (DE-576)209009497 |a Lebensform |2 gnd |
| 689 | 0 | 2 | |d s |0 (DE-588)4138658-9 |0 (DE-627)105641030 |0 (DE-576)209687916 |a Personenstand |2 gnd |
| 689 | 0 | |5 DE-101 | |
| 689 | 1 | 0 | |d s |0 (DE-588)4034869-6 |0 (DE-627)106250485 |0 (DE-576)209009527 |a Lebenslauf |2 gnd |
| 689 | 1 | 1 | |d s |0 (DE-588)4191223-8 |0 (DE-627)104321016 |0 (DE-576)210072075 |a Zweierbeziehung |2 gnd |
| 689 | 1 | |5 DE-101 | |
| 856 | 4 | 2 | |u http://www.gbv.de/dms/hbz/toc/ht006863902.pdf |m V:DE-605 |q pdf/application |v 2008-11-15 |x Verlag |y Inhaltsverzeichnis |3 Inhaltsverzeichnis |7 1 |
| 856 | 4 | 2 | |u https://swbplus.bsz-bw.de/bsz05105924xcov.jpg |m V:DE-576 |m X:springer |q image/jpeg |v 20150402152317 |3 Cover |7 1 |
| 856 | 4 | 2 | |u http://scans.hebis.de/HEBCGI/show.pl?05204996_toc.pdf |m V:DE-603;B:DE-17 |q application/pdf |3 Inhaltsverzeichnis |7 1 |
| 889 | |w (DE-627)823078914 | ||
| 935 | |a RFBW |a mteo | ||
| 935 | |i Blocktest | ||
| 935 | |h HEB |i 0501 | ||
| 935 | |h HEB |i 0503 | ||
| 936 | r | v | |a MS 1930 |b Partnerschaft, Ehe |k Soziologie |k Spezielle Soziologien |k Familiensoziologie |k Partnerschaft, Ehe |0 (DE-627)1271118777 |0 (DE-625)rvk/123625: |0 (DE-576)201118777 |
| 936 | b | k | |a 71.22 |j Ehe |x Soziologie |0 (DE-627)106412442 |
| 936 | b | k | |a 71.31 |j Geschlechter und ihr Verhalten |0 (DE-627)106412655 |
| 936 | s | n | |a m200 |2 mzub |
| 936 | s | n | |a c200 |2 mzub |
| 951 | |a BO | ||
| ELC | |b 1 | ||
| LOK | |0 000 xxxxxcx a22 zn 4500 | ||
| LOK | |0 001 311062897X | ||
| LOK | |0 003 DE-627 | ||
| LOK | |0 004 193133571 | ||
| LOK | |0 005 20151116134939 | ||
| LOK | |0 008 150728||||||||||||||||ger||||||| | ||
| LOK | |0 040 |a DE-21-110 |c DE-627 |d DE-21-110 | ||
| LOK | |0 689 |a s |a Scheidung | ||
| LOK | |0 689 |a s |a Familienformen | ||
| LOK | |0 689 |a s |a Wandel | ||
| LOK | |0 689 |a s |a Nichteheliche Lebensgemeinschaft | ||
| LOK | |0 852 |z Kein Bestand am IfK; Nachweis für KrimDok | ||
| LOK | |0 852 |a DE-21-110 | ||
| LOK | |0 852 1 |9 00 | ||
| LOK | |0 935 |a k110 | ||
| LOK | |0 939 |a 28-07-15 |b l01 | ||
| ORI | |a SA-MARC-krimdoka001.raw | ||
